| 000 | 01573nam a22001457a 4500 | ||
|---|---|---|---|
| 999 |
_c517961 _d517961 |
||
| 008 | 210806b ||||| |||| 00| 0 eng d | ||
| 100 |
_aFiglio, David and Schapiro, Morton _928327 |
||
| 245 | _aStaffing the higher education classroom | ||
| 260 | _aThe Journal of Economic Perspectives | ||
| 300 | _a35(1), Winter, 2021: p.143-162 | ||
| 520 | _aWe discuss some centrally important decisions faced by colleges and universities regarding how to staff their undergraduate classrooms. We describe the multitasking problem faced by research-intensive institutions and explore the degree to which there may be a trade-off between research and teaching excellence using matched student-faculty-level data from Northwestern University. We present two alternative measures of teaching effectiveness—one capturing “deep learning” and one capturing “inspiration”—and demonstrate that neither is correlated with measures of research success. We discuss the move toward contingent faculty in US universities and show that on average, contingent faculty outperform tenure-line faculty in the introductory classroom, a pattern driven by the lowest-performing instructors according to our measures. We also present some of the ways in which instructor gender, race, and ethnicity might matter. Together, these pieces of evidence show that several institutional objectives associated with staffing undergraduate classrooms may be in tension with one another. – Reproduced | ||
| 773 | _aThe Journal of Economic Perspectives | ||
| 906 | _aHIGHER EDUCATION | ||
| 942 | _cAR | ||